| 000 | 00866nas a2200277 4500 | ||
|---|---|---|---|
| 001 | BR0800287 | ||
| 003 | BR-BrBNA | ||
| 005 | 20231205111443.0 | ||
| 007 | ta | ||
| 008 | 230509b bl.|||p| |||| 00| 00por d | ||
| 040 |
_aBR-BrBNA _bpor _cBiblioteca Nacional de Agricultura |
||
| 041 | _a(En) | ||
| 072 | _aL72 | ||
| 100 | 1 | _aGebara, A.B. | |
| 100 | 1 | _aFerreira, C.S. | |
| 100 | 1 | _aMiguel, O. | |
| 245 | 1 | _aEfficacy of seven pyrethroids against Musca Domestica Linnaeus, 1758 (Diptera, Muscidae) | |
| 650 | _aPRAGA DE ANIMAL | ||
| 650 | _aMOSCA DOMÉSTICA | ||
| 650 | _aPIRETRO | ||
| 650 | _aPLANTA PRODUTORA DE INSETICIDA | ||
| 650 | _aINSETICIDA PIRETRÓIDE | ||
| 773 | 0 |
_tArquivos do Instituto Biológico (Brazil) _xISSN 0020-3653 _g(Jul-Dec 1997), v. 64(2) p. 111-113 _wBR0800287 |
|
| 909 |
_a202311 _bLúcia _c55 _dLúcia Elande |
||
| 942 |
_2AGRIS _n0 _cANA |
||
| 999 |
_c192819 _d192819 |
||